Statystyki dla Kraje, w których występują dwuznaki

Kliknij tutaj aby rozwiązać quiz!

Ogólne statystyki

  • Ten quiz został rozwiązany 400 razy
  • Średni wynik to 16 z 26

Statystyki odpowiedzi

LpKontynentKraj% Poprawnych
4AzjaChiny
90%
8EuropaCzechy
87%
20EuropaSzwecja
86%
5EuropaChorwacja
81%
19EuropaSzwajcaria
80%
3Ameryka płdChile
77%
12EuropaHiszpania
74%
7EuropaCzarnogóra
73%
14Azja/EuropaKazachstan
72%
21AzjaTadżykistan
68%
6AfrykaCzad
67%
18Ameryka płnStany Zjednoczone
67%
23EuropaWłochy
67%
1AzjaAzerbejdżan
63%
15EuropaLiechtenstein
62%
9AfrykaDemokratyczna Republika Konga
59%
26AzjaZjednoczone Emiraty Arabskie
57%
2AzjaBangladesz
56%
10AfrykaDżibuti
53%
11Australia i OceaniaFidźi
51%
13AzjaKambodża
51%
17AfrykaSeszele
49%
24AfrykaWybrzeże Kości Słoniowej
48%
16AfrykaRepublika Zielonego Przylądka
39%
25AfrykaWyspy Świętego Tomasza i Książęca
35%
22AzjaTimor Wschodni
34%

Rozkład punktacji

Percentyl według liczby udzielonych odpowiedzi

Procent ludzi z każdym wynikiem

Twoja historia wyników

Nie rozwiązałeś tego quizu